00266nam a22000977a 4500008004100000082001100041100003500052245002000087260005200107300000900159260601b |||||||| |||| 00| 0 eng d a001928 aPoorna Prajna Samshodhan Trust aPrajna Vol No X aBangalorebPoorna Prajna Samshodhan Trustc2016 a126p